| 000 | 00341nam a22001457a 4500 | ||
|---|---|---|---|
| 003 | SGT | ||
| 020 | _a8129109522 | ||
| 082 |
_a920 _bF06S |
||
| 100 | _aSHOURIE, ARUN | ||
| 245 | _aFALLING OVER BACKWARDS: AN ESSAY ON RESERVATIONS ON JUDICAL | ||
| 260 |
_bRUPA PUBLICATIONS _c2006 |
||
| 300 | _a378 | ||
| 650 | _aBIOGRAPHY | ||
| 942 |
_2ddc _cBK |
||
| 999 |
_c28252 _d28252 |
||